Summarized Bible; complete summary of the Old and New Testaments. / (Record no. 5733)
[ view plain ]
| 000 -LEADER | |
|---|---|
| campo de control de longitud fija | 00565ntaaa2200193 4500 |
| 003 - IDENTIFICADOR DE NÚMERO DE CONTROL | |
| campo de control | 01 |
| 005 - FECHA Y HORA DE LA ÚLTIMA TRANSACCIÓN | |
| campo de control | 20251027201140.0 |
| 008 - DATOS DE LONGITUD FIJA--INFORMACIÓN GENERAL | |
| campo de control de longitud fija | 0714s1973 ag 01 |
| 040 ## - FUENTE DE CATALOGACIÓN | |
| Centro catalogador/agencia de origen | AR-BaBN |
| Lengua de catalogación | spa |
| Centro/agencia transcriptor | AR-BaBN |
| Normas de descripción | aacr |
| Centro/agencia modificador | RIC |
| 082 ## - NÚMERO DE LA CLASIFICACIÓN DECIMAL DEWEY | |
| Número de clasificación | 220.02 B79 |
| 100 ## - ENTRADA PRINCIPAL--NOMBRE DE PERSONA | |
| Nombre de persona | Brooks, Keith L. |
| 245 ## - MENCIÓN DEL TÍTULO | |
| Título | Summarized Bible; complete summary of the Old and New Testaments. / |
| Mención de responsabilidad, etc. | Keith L. Brooks |
| 250 ## - MENCION DE EDICION | |
| Mención de edición | 1 ed. |
| 260 ## - PUBLICACIÓN, DISTRIBUCIÓN, ETC. | |
| Lugar de publicación, distribución, etc. | Los Angeles : |
| Nombre del editor, distribuidor, etc. | Bible Institute of Los Angeles, |
| Fecha de publicación, distribución, etc. | c1919 |
| 300 ## - DESCRIPCIÓN FÍSICA | |
| Extensión | 215 p., 96 p. |
| 500 ## - NOTA GENERAL | |
| Nota general | Bosquejo y sumario de la Biblia |
| 650 ## - PUNTO DE ACCESO ADICIONAL DE MATERIA--TÉRMINO DE MATERIA | |
| Término de materia o nombre geográfico como elemento de entrada | Biblia-Bosquejo |
| 942 ## - ELEMENTOS DE ENTRADA SECUNDARIOS (KOHA) | |
| Tipo de ítem Koha | Colección General |
| Estatus retirado | Estado de pérdida | Estado de daño | No para préstamo | Biblioteca de origen | Biblioteca actual | Fecha de adquisición | Número de inventario | Total de préstamos | Signatura topográfica completa | Código de barras | Visto por última vez | Precio de reemplazo | Tipo de ítem Koha |
|---|---|---|---|---|---|---|---|---|---|---|---|---|---|
| Biblioteca Pluis | Biblioteca Pluis | 27/10/2025 | 019999 | 220.02 B79 | 019999 | 27/10/2025 | 27/10/2025 | Colección General |
